000 00317nam a2200133Ia 4500
008 190216s9999||||xx |||||||||||||| ||und||
100 _aRuddar Dutt And Sundharam Kpm
245 0 _aIndian Economy
250 _a43rd Ed.
260 _bSulthan Chand&Sons
_c2001
300 _a929
650 _aEconomics
942 _cBK
999 _c10675
_d10675